000 00858cam a2200301 a 4500
001 14954427
003 OSt
005 20160202144337.0
008 070806s2009 maua 001 0 eng
010 _a 2007060064
020 _a0321499131 (student ed.)
020 _a9780321499134 (student ed.)
020 _a0321056582
020 _a9780321501486 (AIE)
035 _a(OCoLC)ocn164570968
035 _a(OCoLC)164570968
040 _aSEKU
050 0 0 _aQA 154.3
_b.L5 2009
100 _aLial, Margaret L.
245 0 0 _aCollege algebra.
250 _a8th ed. /
_bMargaret L. Lial ... [et al.].
260 _aBoston, MA :
_bPearson/Addison Wesley,
_cc2009.
300 _axviii, 738, [95] p. :
_bill. (some col.) ;
_c27 cm.
500 _aIncludes indexes.
650 0 _aAlgebra
_vTextbooks.
700 1 _aLial, Margaret L.
942 _2lcc
_cGEN
999 _c10207
_d10207